Podniková identita

Zosilnenie konkurencie o podnikovú identitu. Vytvorenie konkurenčných výhod v oblasti identity a komunikácie. Formovanie identity sa rovná formovaniu podniku - profesionálna metóda, ktorá sa riadi zákonmi trhu. Je najúčinnejším nástrojom vedenia. Podnik musí mať svoju kultúru, etiku. Kvalita komunik...

Ausführliche Beschreibung

Gespeichert in:
Bibliographische Detailangaben
Format: Buchkapitel
Sprache:Tschechisch
Schlagworte:
Tags: Tag hinzufügen
Keine Tags, Fügen Sie das erste Tag hinzu!

MARC

LEADER 00000naa a2200000 4500
001 r015315
005 20221213082514.7
041 0 |a cze 
044 |a CZ 
245 1 0 |a Podniková identita 
520 |a Zosilnenie konkurencie o podnikovú identitu. Vytvorenie konkurenčných výhod v oblasti identity a komunikácie. Formovanie identity sa rovná formovaniu podniku - profesionálna metóda, ktorá sa riadi zákonmi trhu. Je najúčinnejším nástrojom vedenia. Podnik musí mať svoju kultúru, etiku. Kvalita komunikácie - súčasť podnikovej stratégie a politiky. 
610 2 0 |a podnik 
610 2 0 |a konkurencia 
610 2 0 |a kultúra podniková 
610 2 0 |a etika 
610 2 0 |a komunikácia 
610 2 0 |a identita podniková